| 000 | 00348nam a2200121Ia 4500 | ||
|---|---|---|---|
| 008 | 151021s9999 xx 000 0 und d | ||
| 020 | _a9.7807689232e+011 | ||
| 050 | _aLB 1762 .G85 1985 | ||
| 245 | _a_Guide to teacher certification testing( 6th ed) | ||
| 260 | _aNew Jersey ARCO 1985 | ||
| 300 | _ax,245p. | ||
| 980 | _a^d20120829 01:24:44^oanne | ||
| 999 |
_c12641 _d12641 |
||